000 00626nam a2200205Ia 4500
003 GCL
008 140319s9999 xx 000 0 ara d
040 _aGCL /
_cGCL
082 0 4 _a811.082
_bع م
100 1 _aعبدالرحمن الشرقاوى
245 1 0 _aمن اب مصرى وقصائد اخرى /
_cعبدالرحمن الشرقاوى
300 _a163 ص
490 _a100 قصة
_v0
650 0 4 _aالشعر العربى
650 0 4 _aالادب العربى
650 0 4 _aالعصر الحديث
650 0 4 _aالشعر السياسى
650 0 4 _aالشعر العربى - العراق
942 _2ddc
_cBK
999 _c45801
_d45801